000 00810nam a2200277 i 4500
001 C2-0258926
003 PPAK
005 20180727225419.0
008 041007s2004 my a|||| ||||| | eng d
020 _a9833074154
040 _aPPAK
_beng
_cPPAK
_erda
082 0 4 _a535
_223
090 0 0 _a535
_bLAN
_dK
100 0 _aLanka Devi Sinniah,
_eauthor
245 1 0 _aWhy sahdows :
_bthe one that follows
264 1 _aPetaling Jaya, Selangor :
_bIlmiah Publishers ,
_c2004
300 _a22 pages :
_bcolour illustrations ;
_c26 cm
336 _2rdacontent
_atext
337 _2rdamedia
_aunmediated
338 _2rdacarrier
_avolume
490 1 _aScience and me series
500 _a10-14 Tahun
650 1 0 _aShades and shadows - Juvenile literature
830 0 _aScience and me series
942 _ddc
_cB
999 _c70409
_d70409